OECD integrity review of Peru enhancing public sector integrity for inclusive growth

Salvato in:
Dettagli Bibliografici
Natura: Libro
Lingua:inglese
Pubblicazione: Paris OECD 2017
Serie:OECD public governance reviews
Soggetti:
Tags: Aggiungi Tag
Nessun Tag, puoi essere il primo ad aggiungerne!!

MARC

LEADER 00000nam a2200000 4500
001 0231224
005 20240314123324.8
020 |a 978-92-64-27203-3 
041 0 |a eng 
044 |a FR 
245 1 0 |a OECD integrity review of Peru  |b enhancing public sector integrity for inclusive growth 
264 1 |a Paris  |b OECD  |c 2017 
300 |a 230 s. 
490 1 |a OECD public governance reviews 
830 0 |a OECD public governance reviews 
610 2 0 |a správa štátna 
610 2 0 |a správa verejná 
610 2 0 |a sektor verejný 
610 2 0 |a rast hospodársky 
610 2 0 |a korupcia 
610 2 0 |a vláda 
610 2 0 |a riadenie rizík 
610 2 0 |a financie 
610 2 0 |a lobizmus 
610 2 0 |a Peru